[Event "5. Aberto Internacional Carlos I"]
[Site "Sanxenxo ESP"]
[Date "2013.06.26"]
[Round "5.8"]
[White "Pazos Porta, Antonio"]
[Black "Segura Santos, Luis"]
[Result "1-0"]
[WhiteElo "2334"]
[BlackElo "2010"]
[PlyCount "67"]
[EventDate "2013.06.22"]
[EventType "swiss"]
[EventRounds "9"]
[EventCountry "ESP"]
[Source "lmi"]
[SourceDate "2013.06.22"]

1. d4 Nf6 2. Nc3 d5 3. Bg5 Bf5 4. f3 c5 5. e4 dxe4 6. Bxf6 exf6 7. fxe4 cxd4 8.
exf5 dxc3 9. Qxd8+ Kxd8 10. O-O-O+ Kc7 11. Bc4 Nd7 12. Bxf7 Nc5 13. Nf3 cxb2+
14. Kxb2 Bd6 15. Rhe1 Rhd8 16. Nd4 Be5 17. c3 Kb6 18. Kc2 a6 19. Nf3 Bd6 20.
Bd5 Rac8 21. Rd4 Ka7 22. Red1 b5 23. Be6 Rc6 24. Bd5 Rb6 25. Rg4 Bf8 26. Bg8
Re8 27. Nd4 Rd6 28. Bxh7 Re3 29. Rg3 Rxg3 30. hxg3 Ne4 31. Re1 Ng5 32. Bg8 Rd7
33. Ne6 Nxe6 34. fxe6 1-0

[Event "5. Aberto Internacional Carlos I"]
[Site "Sanxenxo ESP"]
[Date "2013.06.26"]
[Round "5.9"]
[White "Patiño Romaris, Juan Roberto"]
[Black "Blazquez Criado, Sergio"]
[Result "1-0"]
[WhiteElo "2212"]
[BlackElo "1845"]
[PlyCount "47"]
[EventDate "2013.06.22"]
[EventType "swiss"]
[EventRounds "9"]
[EventCountry "ESP"]
[Source "lmi"]
[SourceDate "2013.06.22"]

1. d4 Nf6 2. c4 e5 3. dxe5 Ng4 4. e3 Nxe5 5. Nh3 Nbc6 6. Nf4 Bb4+ 7. Bd2 Bxd2+
8. Qxd2 d6 9. Nc3 Bf5 10. Be2 Qd7 11. Ncd5 Ne7 12. O-O Nxd5 13. Nxd5 O-O 14. e4
Bg4 15. f3 Bh5 16. b4 Bg6 17. f4 Ng4 18. f5 Ne5 19. fxg6 hxg6 20. Qg5 f6 21.
Qg3 Kf7 22. Rf4 Rh8 23. Bg4 Nxg4 24. Qxg4 1-0

[Event "5. Aberto Internacional Carlos I"]
[Site "Sanxenxo ESP"]
[Date "2013.06.26"]
[Round "5.10"]
[White "Solomons, Deon"]
[Black "Rodriguez Dominguez, Miguel"]
[Result "1-0"]
[WhiteElo "2179"]
[BlackElo "1690"]
[PlyCount "119"]
[EventDate "2013.06.22"]
[EventType "swiss"]
[EventRounds "9"]
[EventCountry "ESP"]
[Source "lmi"]
[SourceDate "2013.06.22"]

1. Nf3 f5 2. g3 Nf6 3. Bg2 g6 4. b3 Bg7 5. Bb2 d6 6. d4 O-O 7. O-O Qe8 8. c4
Nbd7 9. Nc3 c6 10. e4 Nxe4 11. Nxe4 fxe4 12. Ng5 Nf6 13. Nxe4 Nxe4 14. Bxe4 Bh3
15. Bg2 Bxg2 16. Kxg2 Qd7 17. Qe2 Rf5 18. Rae1 Re8 19. f4 d5 20. c5 Rf6 21. Rf3
Rf7 22. h3 h5 23. Qe6 Qxe6 24. Rxe6 Rf6 25. Re5 Kf7 26. b4 Re6 27. Rxe6 Kxe6
28. Re3+ Kd7 29. Kf3 Rf8 30. h4 Bf6 31. Ke2 Ra8 32. a4 b6 33. Rb3 Rb8 34. Ke3
bxc5 35. dxc5 Bxb2 36. Rxb2 a5 37. b5 cxb5 38. axb5 a4 39. Kd4 e6 40. Ke5 a3
41. c6+ Kc7 42. Ra2 Rxb5 43. Rxa3 Kxc6 44. Kxe6 d4 45. Kf6 Kd5 46. Kxg6 Ke4 47.
Ra4 Rd5 48. f5 Rd6+ 49. Kxh5 Kxf5 50. g4+ Ke5 51. g5 d3 52. Ra1 Kf5 53. Rf1+
Ke5 54. g6 Rd7 55. Kh6 d2 56. g7 Rd6+ 57. Kh7 Rd4 58. h5 d1=Q 59. Rxd1 Rxd1 60.
g8=Q 1-0

[Event "5. Aberto Internacional Carlos I"]
[Site "Sanxenxo ESP"]
[Date "2013.06.27"]
[Round "6.1"]
[White "Strikovic, Aleksa"]
[Black "Paunovic, Dragan"]
[Result "1/2-1/2"]
[WhiteElo "2504"]
[BlackElo "2495"]
[PlyCount "51"]
[EventDate "2013.06.22"]
[EventType "swiss"]
[EventRounds "9"]
[EventCountry "ESP"]
[Source "lmi"]
[SourceDate "2013.06.22"]

1. c4 Nf6 2. Nf3 g6 3. Nc3 Bg7 4. e4 d6 5. d4 O-O 6. Be2 e5 7. dxe5 dxe5 8.
Qxd8 Rxd8 9. Bg5 Re8 10. Nd5 Nxd5 11. cxd5 c6 12. Bc4 cxd5 13. Bxd5 Nc6 14.
O-O-O Nd4 15. Nxd4 exd4 16. Kb1 Be6 17. Bxe6 Rxe6 18. f3 f5 19. exf5 gxf5 20.
Rd2 Rae8 21. Rc1 Re1 22. Rxe1 Rxe1+ 23. Kc2 Kf7 24. Rd1 Re2+ 25. Rd2 Re1 26.
Rd1 1/2-1/2

[Event "5. Aberto Internacional Carlos I"]
[Site "Sanxenxo ESP"]
[Date "2013.06.27"]
[Round "6.2"]
[White "Garcia Castro, Pablo"]
[Black "Guerra Bastida, Diego"]
[Result "1/2-1/2"]
[WhiteElo "2354"]
[BlackElo "2374"]
[PlyCount "61"]
[EventDate "2013.06.22"]
[EventType "swiss"]
[EventRounds "9"]
[EventCountry "ESP"]
[Source "lmi"]
[SourceDate "2013.06.22"]

1. e4 g6 2. Nc3 Bg7 3. g3 d6 4. Bg2 c5 5. d3 Nc6 6. Be3 Nd4 7. Qd2 e5 8. Nd5
Be6 9. c3 Nc6 10. Ne2 Bxd5 11. exd5 Nce7 12. d4 cxd4 13. cxd4 exd4 14. Bxd4 Nf6
15. O-O O-O 16. a4 Re8 17. a5 Nf5 18. Bc3 Ne4 19. Bxe4 Rxe4 20. a6 b6 21. Rfe1
h5 22. Qd3 Bxc3 23. Qxe4 Bxe1 24. Rxe1 Qe8 25. Nc3 Qxe4 26. Rxe4 Rc8 27. Kg2
Kf8 28. Nb5 Ne7 29. Nxa7 Ra8 30. Nb5 Rxa6 31. Nxd6 1/2-1/2

[Event "5. Aberto Internacional Carlos I"]
[Site "Sanxenxo ESP"]
[Date "2013.06.27"]
[Round "6.3"]
[White "Pazos Porta, Antonio"]
[Black "Aagaard, Jacob"]
[Result "1/2-1/2"]
[WhiteElo "2334"]
[BlackElo "2519"]
[PlyCount "59"]
[EventDate "2013.06.22"]
[EventType "swiss"]
[EventRounds "9"]
[EventCountry "ESP"]
[Source "lmi"]
[SourceDate "2013.06.22"]

1. e4 e5 2. Nf3 Nc6 3. Bb5 a6 4. Ba4 Nge7 5. Nc3 g6 6. d4 exd4 7. Nd5 Bg7 8.
Bg5 h6 9. Bf6 Bxf6 10. Nxf6+ Kf8 11. O-O Kg7 12. Nd5 d6 13. Nxe7 Qxe7 14. Bxc6
bxc6 15. Qxd4+ f6 16. Rfe1 Re8 17. h3 Rb8 18. c4 c5 19. Qc3 Qf7 20. Re3 Bb7 21.
Rae1 Re6 22. Nh4 Kh7 23. Qd3 Rg8 24. f4 g5 25. f5 Re5 26. Ng6 Rxg6 27. fxg6+
Qxg6 28. Qe2 Kg7 29. Qd3 Kh7 30. Qe2 1/2-1/2

[Event "5. Aberto Internacional Carlos I"]
[Site "Sanxenxo ESP"]
[Date "2013.06.27"]
[Round "6.4"]
[White "Picos Maiztegui, Miguel"]
[Black "Lariño Nieto, David"]
[Result "0-1"]
[WhiteElo "1874"]
[BlackElo "2501"]
[PlyCount "80"]
[EventDate "2013.06.22"]
[EventType "swiss"]
[EventRounds "9"]
[EventCountry "ESP"]
[Source "lmi"]
[SourceDate "2013.06.22"]

1. d4 Nf6 2. c4 g6 3. Nc3 Bg7 4. e4 d6 5. h3 O-O 6. Bg5 c5 7. d5 Qa5 8. Bd3 e6
9. Bd2 Qd8 10. Nf3 exd5 11. cxd5 Nh5 12. Bg5 Bf6 13. Bxf6 Qxf6 14. O-O Kh8 15.
e5 dxe5 16. Ne4 Qg7 17. Nxc5 b6 18. Na4 Nf4 19. Bc4 e4 20. Qd4 Nxh3+ 21. gxh3
exf3 22. Qxg7+ Kxg7 23. Kh2 Nd7 24. Rfe1 Kf6 25. Rad1 Ne5 26. Bb3 Bf5 27. Nc3
Nd3 28. Re3 Nxf2 29. Rd2 Nxh3 30. Rxf3 Ng5 31. Re3 Rfe8 32. Rde2 Rxe3 33. Rxe3
Bd7 34. Ne4+ Nxe4 35. Rxe4 g5 36. Kg3 h5 37. d6 h4+ 38. Kf2 Re8 39. Rxe8 Bxe8
40. Kg1 Bd7 0-1

[Event "5. Aberto Internacional Carlos I"]
[Site "Sanxenxo ESP"]
[Date "2013.06.27"]
[Round "6.5"]
[White "Santos Latasa, Jaime"]
[Black "Patiño Romaris, Juan Roberto"]
[Result "1-0"]
[WhiteElo "2418"]
[BlackElo "2212"]
[PlyCount "113"]
[EventDate "2013.06.22"]
[EventType "swiss"]
[EventRounds "9"]
[EventCountry "ESP"]
[Source "lmi"]
[SourceDate "2013.06.22"]

1. e4 e6 2. d4 d5 3. Nc3 Bb4 4. e5 c5 5. a3 Bxc3+ 6. bxc3 Qa5 7. Bd2 Qa4 8. Qb1
c4 9. Nh3 Nc6 10. Be2 Bd7 11. Nf4 O-O-O 12. O-O f6 13. exf6 Nxf6 14. Nh5 Ne4
15. Qc1 e5 16. dxe5 Nxe5 17. f3 Nc5 18. Be3 b6 19. Ng3 Nc6 20. Qd2 Be6 21. Bxc5
bxc5 22. Qe3 Rd6 23. Qxc5 Rhd8 24. Rab1 Qa5 25. Qxa5 Nxa5 26. Rb5 Ra6 27. Nh5
Rd7 28. Nf4 Bf7 29. Rd1 Nc6 30. Nxd5 Bxd5 31. Rbxd5 Rxd5 32. Rxd5 Rxa3 33. Rc5
Kc7 34. Rxc4 Kd6 35. Bd3 h6 36. Be4 Ne7 37. Kf2 a5 38. h4 a4 39. Ke2 Ra1 40.
Rd4+ Ke6 41. Rd1 Ra3 42. Rb1 Nd5 43. Bxd5+ Kxd5 44. Kd3 Kc6 45. h5 Ra2 46. g4
a3 47. c4 Rb2 48. Ra1 a2 49. Kc3 Rb1 50. Rxa2 Rf1 51. Ra6+ Kb7 52. Rg6 Rxf3+
53. Kd4 Rf7 54. c5 Kc7 55. c6 Re7 56. Kd5 Rf7 57. Rd6 1-0

[Event "5. Aberto Internacional Carlos I"]
[Site "Sanxenxo ESP"]
[Date "2013.06.27"]
[Round "6.6"]
[White "Cubero Ferreiro, Rodrigo"]
[Black "Yakunin, Alexey"]
[Result "0-1"]
[WhiteElo "2112"]
[BlackElo "2353"]
[PlyCount "84"]
[EventDate "2013.06.22"]
[EventType "swiss"]
[EventRounds "9"]
[EventCountry "ESP"]
[Source "lmi"]
[SourceDate "2013.06.22"]

1. d4 Nf6 2. c4 g6 3. Nc3 Bg7 4. e4 d6 5. h3 O-O 6. Bg5 c5 7. d5 b5 8. cxb5 a6
9. Nf3 axb5 10. Bxb5 Nxe4 11. O-O Nxg5 12. Nxg5 e5 13. Nf3 Nd7 14. Nd2 f5 15.
Nc4 Nb6 16. a4 Nxc4 17. Bxc4 e4 18. Qd2 Qh4 19. Bb5 Be5 20. Ra3 Ra7 21. Re1 Qd8
22. Na2 Bd7 23. Bc6 Qc7 24. Bxd7 Qxd7 25. b3 Rb8 26. Qc2 Qb7 27. Rb1 Qxd5 28.
Rd1 Bd4 29. Nc3 Qe6 30. a5 e3 31. Ne2 exf2+ 32. Kf1 Be5 33. Kxf2 Rb4 34. a6 Rb6
35. Qd3 Qc8 36. Qd5+ Kg7 37. b4 Rxb4 38. Nc3 Rxa6 39. Rxa6 Qxa6 40. Qe6 Qc4 41.
Nd5 Qc2+ 42. Ke1 Bg3+ 0-1

[Event "5. Aberto Internacional Carlos I"]
[Site "Sanxenxo ESP"]
[Date "2013.06.27"]
[Round "6.7"]
[White "Sanchez Aller, Fernando"]
[Black "Rodriguez Lopez, Rafael"]
[Result "0-1"]
[WhiteElo "2335"]
[BlackElo "2251"]
[PlyCount "82"]
[EventDate "2013.06.22"]
[EventType "swiss"]
[EventRounds "9"]
[EventCountry "ESP"]
[Source "lmi"]
[SourceDate "2013.06.22"]

1. e4 c5 2. Nf3 Nc6 3. d4 cxd4 4. Nxd4 Nf6 5. Nc3 e5 6. Ndb5 d6 7. Bg5 a6 8.
Na3 b5 9. Bxf6 gxf6 10. Nd5 f5 11. c3 Bg7 12. exf5 Bxf5 13. Nc2 O-O 14. Nce3
Be6 15. Bd3 f5 16. O-O Kh8 17. f4 Ne7 18. Nxe7 Qxe7 19. Kh1 e4 20. Bc2 b4 21.
cxb4 Bxb2 22. Rb1 Bg7 23. Bb3 Rac8 24. Bxe6 Qxe6 25. Qb3 Qxb3 26. Rxb3 Bd4 27.
Rd1 Bxe3 28. Rxe3 d5 29. h3 Rfd8 30. Rd4 Kg7 31. Ra3 Rc4 32. Rxc4 dxc4 33. Kg1
Rb8 34. Kf2 Rxb4 35. Ke3 Rb6 36. Kd4 Rc6 37. g4 Kg6 38. Kd5 Rc8 39. Rxa6+ Kf7
40. Rb6 c3 41. Rb7+ Kg8 0-1

[Event "5. Aberto Internacional Carlos I"]
[Site "Sanxenxo ESP"]
[Date "2013.06.27"]
[Round "6.8"]
[White "Iagar, Razvan-Gabriel"]
[Black "Solomons, Deon"]
[Result "1/2-1/2"]
[WhiteElo "2190"]
[BlackElo "2179"]
[PlyCount "60"]
[EventDate "2013.06.22"]
[EventType "swiss"]
[EventRounds "9"]
[EventCountry "ESP"]
[Source "lmi"]
[SourceDate "2013.06.22"]

1. Nf3 Nf6 2. c4 g6 3. Nc3 Bg7 4. d4 O-O 5. e4 d6 6. h3 Nbd7 7. Be2 e5 8. dxe5
dxe5 9. Be3 c6 10. Qd2 Qe7 11. Rd1 Nc5 12. Qc2 Nh5 13. g3 a5 14. Nd2 Ne6 15.
Na4 Bd7 16. Nb6 Rad8 17. Nxd7 Rxd7 18. Bg4 Nd4 19. Bxd4 Rxd4 20. O-O Nf6 21.
Bf3 Rfd8 22. Nb3 Rxd1 23. Rxd1 Rxd1+ 24. Bxd1 a4 25. Nd2 a3 26. bxa3 Qxa3 27.
Nb3 Bf8 28. Bf3 Nd7 29. Kg2 Nc5 30. Nxc5 Bxc5 1/2-1/2

[Event "5. Aberto Internacional Carlos I"]
[Site "Sanxenxo ESP"]
[Date "2013.06.27"]
[Round "6.9"]
[White "Leranoz Zabalza, Adrian"]
[Black "Khamrakulov, Ibragim S"]
[Result "1/2-1/2"]
[WhiteElo "2076"]
[BlackElo "2484"]
[PlyCount "67"]
[EventDate "2013.06.22"]
[EventType "swiss"]
[EventRounds "9"]
[EventCountry "ESP"]
[Source "lmi"]
[SourceDate "2013.06.22"]

1. e4 c5 2. Nf3 e6 3. Nc3 Nc6 4. d4 cxd4 5. Nxd4 Qc7 6. Ndb5 Qb8 7. a4 a6 8.
Na3 Na5 9. Qh5 Qc7 10. Bd3 Nf6 11. Qf3 Bd6 12. Bd2 O-O 13. g4 Nc6 14. Nc4 Nd4
15. Qh3 g6 16. Nxd6 Qxd6 17. O-O h5 18. gxh5 Nxh5 19. e5 Qxe5 20. f4 Qg7 21.
Ne2 d5 22. Bc3 e5 23. f5 Nxe2+ 24. Bxe2 d4 25. Bd2 Nf4 26. Bxf4 exf4 27. Bd3 g5
28. Qh5 Re8 29. Kf2 Bd7 30. Rg1 f6 31. h4 Qf7 32. Qh6 Qg7 33. Qh5 Qf7 34. Qh6
1/2-1/2

[Event "5. Aberto Internacional Carlos I"]
[Site "Sanxenxo ESP"]
[Date "2013.06.27"]
[Round "6.10"]
[White "Iturbide Arnedo, Oscar"]
[Black "Abal Cores, Lucas"]
[Result "0-1"]
[WhiteElo "2163"]
[BlackElo "2076"]
[PlyCount "110"]
[EventDate "2013.06.22"]
[EventType "swiss"]
[EventRounds "9"]
[EventCountry "ESP"]
[Source "lmi"]
[SourceDate "2013.06.22"]

1. e4 c5 2. Nc3 Nc6 3. g3 d6 4. Bg2 g6 5. d3 Bg7 6. f4 Nf6 7. h3 O-O 8. Nf3 Ne8
9. Be3 Nd4 10. O-O Rb8 11. Qd2 b5 12. Nd1 b4 13. c3 bxc3 14. bxc3 Nxf3+ 15.
Rxf3 Qa5 16. Rf2 Nc7 17. f5 Re8 18. Bh6 Be5 19. Bf4 Bh8 20. Bg5 Nb5 21. f6 exf6
22. Bxf6 Bxf6 23. Rxf6 Be6 24. Qh6 Qa3 25. Ne3 Qxc3 26. Raf1 Qxd3 27. Ng4 Qd4+
28. Kh2 Re7 29. Qg5 Kf8 30. Nh6 Qe5 31. Qe3 Ke8 32. Ng8 Rc7 33. Qh6 Kd7 34.
Qxh7 Kc6 35. Nh6 Rbb7 36. Ng4 Bxg4 37. hxg4 c4 38. Rxf7 Rxf7 39. Rxf7 Rxf7 40.
Qxf7 c3 41. Qb3 g5 42. a4 Nc7 43. Bf1 Qc5 44. Bd3 a5 45. Kg2 Qb4 46. Qc2 Ne6
47. Bb5+ Kb6 48. Qf2+ Qd4 49. Qf7 Qxe4+ 50. Kh2 c2 51. Qf2+ Nd4 52. Qf8 Nf3+
53. Kh3 Ng1+ 54. Kh2 Qh7+ 55. Kxg1 c1=Q+ 0-1

[Event "5. Aberto Internacional Carlos I"]
[Site "Sanxenxo ESP"]
[Date "2013.06.28"]
[Round "7.1"]
[White "Guerra Bastida, Diego"]
[Black "Strikovic, Aleksa"]
[Result "0-1"]
[WhiteElo "2374"]
[BlackElo "2504"]
[PlyCount "60"]
[EventDate "2013.06.22"]
[EventType "swiss"]
[EventRounds "9"]
[EventCountry "ESP"]
[Source "lmi"]
[SourceDate "2013.06.22"]

1. e4 c5 2. Nf3 e6 3. d4 cxd4 4. Nxd4 a6 5. Bd3 Nf6 6. O-O d6 7. c4 b6 8. Nc3
Bb7 9. Kh1 g6 10. f4 Bg7 11. f5 Qe7 12. Qa4+ Nbd7 13. Nc6 Bxc6 14. Qxc6 O-O 15.
Bf4 Ne5 16. Bxe5 dxe5 17. Qxb6 Rab8 18. Qf2 exf5 19. exf5 e4 20. Rae1 Qc7 21.
Nxe4 Nxe4 22. Rxe4 Rxb2 23. Re2 Rfb8 24. f6 Rxe2 25. Qxe2 Bf8 26. Be4 Qe5 27.
Qf3 Rb2 28. Bb1 h5 29. Qd5 Rf2 30. Rd1 Qxf6 0-1

[Event "5. Aberto Internacional Carlos I"]
[Site "Sanxenxo ESP"]
[Date "2013.06.28"]
[Round "7.2"]
[White "Lariño Nieto, David"]
[Black "Garcia Castro, Pablo"]
[Result "0-1"]
[WhiteElo "2501"]
[BlackElo "2354"]
[PlyCount "60"]
[EventDate "2013.06.22"]
[EventType "swiss"]
[EventRounds "9"]
[EventCountry "ESP"]
[Source "lmi"]
[SourceDate "2013.06.22"]

1. e4 d6 2. d4 Nf6 3. Nc3 e5 4. f4 Bg4 5. Nf3 Bxf3 6. gxf3 Nh5 7. fxe5 Qh4+ 8.
Ke2 Nc6 9. exd6 Bxd6 10. Be3 Ng3+ 11. hxg3 Qxh1 12. e5 Qh2+ 13. Bf2 O-O-O 14.
exd6 Rhe8+ 15. Ne4 f5 16. Ke3 Rxd6 17. c3 fxe4 18. f4 Rg6 19. Bb5 Rxg3+ 20.
Bxg3 Qxg3+ 21. Kd2 e3+ 22. Kc2 e2 23. Bxe2 Qf2 24. Kd2 Qxf4+ 25. Kc2 Qf2 26.
Kd2 Qe3+ 27. Ke1 Na5 28. Kf1 Rf8+ 29. Ke1 Nc4 30. Qd3 Qf2+ 0-1

[Event "5. Aberto Internacional Carlos I"]
[Site "Sanxenxo ESP"]
[Date "2013.06.28"]
[Round "7.3"]
[White "Paunovic, Dragan"]
[Black "Rodriguez Lopez, Rafael"]
[Result "1-0"]
[WhiteElo "2495"]
[BlackElo "2251"]
[PlyCount "93"]
[EventDate "2013.06.22"]
[EventType "swiss"]
[EventRounds "9"]
[EventCountry "ESP"]
[Source "lmi"]
[SourceDate "2013.06.22"]

1. c4 g6 2. g3 Bg7 3. Bg2 e5 4. Nc3 d6 5. d3 f5 6. e4 Nc6 7. Nge2 Nf6 8. O-O
O-O 9. Nd5 Ne7 10. Nxf6+ Bxf6 11. Bh6 Rf7 12. Qd2 c6 13. Rad1 Be6 14. b3 d5 15.
cxd5 cxd5 16. Bg5 Bxg5 17. Qxg5 Nc6 18. Qxd8+ Rxd8 19. exf5 Bxf5 20. d4 e4 21.
Rd2 Bg4 22. Nc3 g5 23. Rc1 Bf3 24. Bh3 Rf6 25. Nd1 g4 26. Bf1 Rh6 27. Ne3 Rh5
28. h4 gxh3 29. Kh2 Rd6 30. Bb5 Rg5 31. Bxc6 bxc6 32. Rdc2 Rgg6 33. Nf5 Rde6
34. Rxc6 Bg4 35. Rc8+ Kf7 36. R1c7+ Kf6 37. Ne3 h5 38. Nxd5+ Kg5 39. Nf4 Ref6
40. Rc5+ Kh6 41. Rh8+ Kg7 42. Re8 h4 43. Rc7+ Kh6 44. Rh8+ Kg5 45. Rc5+ Bf5 46.
Nxh3+ Kg4 47. Rxh4+ 1-0

[Event "5. Aberto Internacional Carlos I"]
[Site "Sanxenxo ESP"]
[Date "2013.06.28"]
[Round "7.4"]
[White "Yakunin, Alexey"]
[Black "Santos Latasa, Jaime"]
[Result "1/2-1/2"]
[WhiteElo "2353"]
[BlackElo "2418"]
[PlyCount "118"]
[EventDate "2013.06.22"]
[EventType "swiss"]
[EventRounds "9"]
[EventCountry "ESP"]
[Source "lmi"]
[SourceDate "2013.06.22"]

1. d4 d5 2. c4 c6 3. Nf3 Nf6 4. e3 Bg4 5. Qb3 Qb6 6. Nc3 e6 7. Nh4 Bh5 8. h3 g5
9. Nf3 h6 10. c5 Qc7 11. Ne5 Nfd7 12. Nxd7 Nxd7 13. Be2 Bxe2 14. Nxe2 Bg7 15.
Bd2 b6 16. cxb6 axb6 17. O-O O-O 18. Rfc1 Rfc8 19. a4 Qd6 20. a5 bxa5 21. Rxa5
Rxa5 22. Bxa5 c5 23. dxc5 Qa6 24. Bc3 Qxe2 25. Qb7 Rxc5 26. Qxd7 Bxc3 27. Rxc3
Qe1+ 28. Kh2 Rxc3 29. bxc3 Qxc3 30. Qd8+ Kg7 31. Qd6 Qf6 32. Kg1 h5 33. g3 Qf5
34. Qd8 Qf6 35. Qd6 Qa1+ 36. Kg2 Qb2 37. Kg1 Qb1+ 38. Kg2 Qe4+ 39. Kg1 Qf3 40.
Qe5+ Kg6 41. Qh8 Qf6 42. Qg8+ Qg7 43. Qd8 Kh7 44. Kg2 g4 45. h4 Qe5 46. Qf8
Qe4+ 47. Kg1 Qb1+ 48. Kg2 Qf5 49. Qd8 Kg7 50. Kg1 Qf6 51. Qd6 Kg6 52. Kg2 Qf3+
53. Kg1 Qd1+ 54. Kg2 Qf3+ 55. Kg1 Kf5 56. Qe7 Ke4 57. Qb4+ Kd3 58. Qd4+ Ke2 59.
Qb2+ Ke1 1/2-1/2

[Event "5. Aberto Internacional Carlos I"]
[Site "Sanxenxo ESP"]
[Date "2013.06.28"]
[Round "7.5"]
[White "Nedobora, Gregori"]
[Black "Aagaard, Jacob"]
[Result "0-1"]
[WhiteElo "2089"]
[BlackElo "2519"]
[PlyCount "52"]
[EventDate "2013.06.22"]
[EventType "swiss"]
[EventRounds "9"]
[EventCountry "ESP"]
[Source "lmi"]
[SourceDate "2013.06.22"]

1. c4 b6 2. Nc3 Bb7 3. e4 e6 4. Bd3 c5 5. Nf3 d6 6. Bc2 Nf6 7. O-O Be7 8. d4
cxd4 9. Nxd4 O-O 10. b3 a6 11. Bb2 Nbd7 12. Qe2 Qc7 13. Rac1 Rfe8 14. Bb1 Rac8
15. f4 Bf8 16. Rf3 b5 17. cxb5 Qb6 18. Kh1 Qxd4 19. bxa6 Ba8 20. Rd1 Qa7 21. b4
d5 22. b5 Nb6 23. e5 d4 24. Rh3 dxc3 25. Bxh7+ Nxh7 26. Qh5 Be4 0-1

[Event "5. Aberto Internacional Carlos I"]
[Site "Sanxenxo ESP"]
[Date "2013.06.28"]
[Round "7.6"]
[White "Pena Torres, Jose Carlos"]
[Black "Pazos Porta, Antonio"]
[Result "0-1"]
[WhiteElo "2087"]
[BlackElo "2334"]
[PlyCount "52"]
[EventDate "2013.06.22"]
[EventType "swiss"]
[EventRounds "9"]
[EventCountry "ESP"]
[Source "lmi"]
[SourceDate "2013.06.22"]

1. e4 e6 2. c4 c5 3. Nf3 b6 4. Nc3 Bb7 5. Be2 d6 6. d4 cxd4 7. Nxd4 Nf6 8. Bf3
Nbd7 9. Bg5 Ne5 10. Qa4+ Qd7 11. Ncb5 Rc8 12. Qxa7 Nxc4 13. Rc1 d5 14. Qa4 dxe4
15. Rxc4 Rxc4 16. Qxc4 exf3 17. Nc7+ Kd8 18. Ncxe6+ fxe6 19. Nxe6+ Ke7 20. Nxf8
fxg2 21. Rg1 Rxf8 22. Be3 Rc8 23. Qb3 Qe6 24. Qa3+ Kf7 25. Qa7 Rc1+ 26. Kd2
Rxg1 0-1

[Event "5. Aberto Internacional Carlos I"]
[Site "Sanxenxo ESP"]
[Date "2013.06.28"]
[Round "7.7"]
[White "Solomons, Deon"]
[Black "Abal Cores, Lucas"]
[Result "1-0"]
[WhiteElo "2179"]
[BlackElo "2076"]
[PlyCount "81"]
[EventDate "2013.06.22"]
[EventType "swiss"]
[EventRounds "9"]
[EventCountry "ESP"]
[Source "lmi"]
[SourceDate "2013.06.22"]

1. Nf3 d5 2. g3 Nf6 3. Bg2 e6 4. O-O Nbd7 5. d3 Bd6 6. b3 O-O 7. c4 c6 8. Qc2
Re8 9. Nbd2 e5 10. cxd5 cxd5 11. e4 Nb6 12. Re1 Bg4 13. h3 Rc8 14. Qd1 Bh5 15.
a3 Qc7 16. Ra2 Red8 17. Qe2 Nbd7 18. g4 Bg6 19. Nh4 dxe4 20. dxe4 Nc5 21. Rc2
Qb6 22. Nf5 Bxf5 23. exf5 Nxb3 24. Nxb3 Qxb3 25. Rb2 Qxa3 26. g5 Nh5 27. Bd5
Qxh3 28. Rxb7 Rc7 29. Rxc7 Bxc7 30. Bxf7+ Kxf7 31. Qc4+ Kf8 32. Qxc7 Qg4+ 33.
Kf1 Qh3+ 34. Kg1 Re8 35. Qd6+ Kg8 36. Qd5+ Kf8 37. Re3 Qg4+ 38. Kf1 Qxg5 39.
Ba3+ Re7 40. Rxe5 Nf4 41. Qd8+ 1-0

[Event "5. Aberto Internacional Carlos I"]
[Site "Sanxenxo ESP"]
[Date "2013.06.28"]
[Round "7.8"]
[White "Khamrakulov, Ibragim S"]
[Black "Gomez Segade, Pablo"]
[Result "1-0"]
[WhiteElo "2484"]
[BlackElo "2014"]
[PlyCount "93"]
[EventDate "2013.06.22"]
[EventType "swiss"]
[EventRounds "9"]
[EventCountry "ESP"]
[Source "lmi"]
[SourceDate "2013.06.22"]

1. e4 d5 2. exd5 Qxd5 3. Nc3 Qa5 4. Nf3 Nf6 5. d4 c6 6. Ne5 Be6 7. Be2 Nbd7 8.
Nxd7 Nxd7 9. O-O Nf6 10. Qd2 Qd8 11. Re1 g6 12. Na4 Bg7 13. Bf3 Bd5 14. Bxd5
Qxd5 15. Qb4 O-O 16. h3 e6 17. Qxb7 Qxd4 18. Qa6 Qb4 19. Be3 Qb5 20. Qxb5 cxb5
21. Nc3 a6 22. Red1 Rfc8 23. a3 h6 24. Rd2 Rd8 25. Rad1 Rxd2 26. Rxd2 Rc8 27.
Rd6 Nd5 28. Nxd5 exd5 29. c3 Ra8 30. Rxd5 Bf8 31. Kf1 Rc8 32. Ke2 Rb8 33. Kd3
Rc8 34. f3 h5 35. g4 hxg4 36. hxg4 Be7 37. Bd4 f6 38. Rd7 Kf7 39. Ra7 Rc6 40.
b4 Ke6 41. Ra8 Bd6 42. Re8+ Kf7 43. Re1 Be7 44. a4 f5 45. gxf5 gxf5 46. axb5
axb5 47. Re5 1-0

[Event "5. Aberto Internacional Carlos I"]
[Site "Sanxenxo ESP"]
[Date "2013.06.28"]
[Round "7.9"]
[White "Sanchez Aller, Fernando"]
[Black "Segura Santos, Luis"]
[Result "1-0"]
[WhiteElo "2335"]
[BlackElo "2010"]
[PlyCount "159"]
[EventDate "2013.06.22"]
[EventType "swiss"]
[EventRounds "9"]
[EventCountry "ESP"]
[Source "lmi"]
[SourceDate "2013.06.22"]

1. Nf3 Nf6 2. g3 d5 3. Bg2 c6 4. O-O Bf5 5. d3 h6 6. b3 e6 7. Bb2 Be7 8. Nbd2
O-O 9. c4 a5 10. a3 Bh7 11. Bc3 Na6 12. Qc2 Nd7 13. cxd5 exd5 14. Qb2 Bf6 15.
Rfb1 Re8 16. Bf1 Nc7 17. Bxf6 Nxf6 18. b4 a4 19. Nd4 Ng4 20. h3 Ne5 21. f4 Nd7
22. N2f3 Qf6 23. Qd2 Ne6 24. e3 Nxd4 25. exd4 Qd6 26. Re1 f6 27. Re2 Kf7 28.
Kf2 g5 29. fxg5 hxg5 30. h4 gxh4 31. Nxh4 Rg8 32. Re3 Rg7 33. Bh3 Re8 34. Rae1
f5 35. Qe2 Nf6 36. Nxf5 Bxf5 37. Bxf5 Rxg3 38. Re5 Reg8 39. Re7+ Kf8 40. Re8+
Kg7 41. Qe7+ Qxe7 42. R1xe7+ Kh6 43. Rxg8 Rxg8 44. Rxb7 Kg5 45. Bd7 Nxd7 46.
Rxd7 Ra8 47. Ke3 Kf5 48. Rd6 Rc8 49. Kd2 Kf4 50. Rf6+ Kg5 51. Rf7 Ra8 52. Kc3
Kg6 53. Rc7 Ra6 54. b5 cxb5 55. Rc5 Rd6 56. Kb4 Kf5 57. Kxb5 Kf4 58. Rc6 Rd8
59. Re6 Rc8 60. Rc6 Rb8+ 61. Kc5 Rb3 62. Ra6 Rxa3 63. Kxd5 Rxd3 64. Rxa4 Kf5
65. Ra1 Kf6 66. Re1 Ra3 67. Kc5 Ra7 68. d5 Ra5+ 69. Kc6 Kf7 70. d6 Ra2 71. d7
Rc2+ 72. Kb7 Rb2+ 73. Kc7 Rc2+ 74. Kd8 Rc3 75. Rf1+ Kg7 76. Rf4 Rc2 77. Ke7
Re2+ 78. Kd6 Rd2+ 79. Ke6 Kg8 80. Rf5 1-0

[Event "5. Aberto Internacional Carlos I"]
[Site "Sanxenxo ESP"]
[Date "2013.06.28"]
[Round "7.10"]
[White "Patiño Romaris, Juan Roberto"]
[Black "Leranoz Zabalza, Adrian"]
[Result "1-0"]
[WhiteElo "2212"]
[BlackElo "2076"]
[PlyCount "69"]
[EventDate "2013.06.22"]
[EventType "swiss"]
[EventRounds "9"]
[EventCountry "ESP"]
[Source "lmi"]
[SourceDate "2013.06.22"]

1. d4 Nf6 2. c4 Nc6 3. Nf3 e6 4. Nc3 Bb4 5. Qc2 O-O 6. Bg5 h6 7. Bd2 d6 8. a3
Bxc3 9. Bxc3 Qe7 10. e3 e5 11. d5 Nb8 12. Be2 a5 13. O-O a4 14. Nd2 Nbd7 15. e4
Nc5 16. Rae1 g5 17. Kh1 Kg7 18. g3 Ng8 19. f4 f6 20. f5 Bd7 21. h4 Rfb8 22. Kg2
Qe8 23. Rh1 b5 24. Qd1 bxc4 25. Bxc4 Bb5 26. Bxb5 Rxb5 27. Qf3 Rab8 28. Nc4 Nb3
29. hxg5 fxg5 30. f6+ Kf8 31. Qd1 Qg6 32. Rhf1 Rc5 33. Qd3 c6 34. dxc6 d5 35.
Nxe5 1-0